| 000 | 00372nam a2200133Ia 4500 | ||
|---|---|---|---|
| 008 | 210430s9999 xx 000 0 und d | ||
| 020 | _a3121-3121-3121-3121 | ||
| 082 | _a808 B9328 K | ||
| 100 | _aSyed Ahmed Shah Pitras Bukhari | ||
| 245 |
_aKulyaat-e-Pitras _cSyed Ahmed Shah Pitras Bukhari |
||
| 260 |
_aLahore _bBook Talk _c2006 |
||
| 300 | _a496p. | ||
| 942 |
_cBK _2ddc |
||
| 999 |
_c563942 _d563942 |
||